000 00329nam a22001457a 4500
008 210518b ||||| |||| 00| 0 eng d
020 _a9780816048625
041 _aeng
080 _a070
082 _a070
100 _a40
101 _aMED
245 _aCareer Opportunities in the Film Industry
_cYager,F
942 _2udc
_cBK
999 _c57419
_d57419